00917cam a22002175a 450000500170000000800410001701000140005802000260007203500130009804000080011110000150011924501280013426000490026230000320031150400500034385600680039385600680046194200170052999900170054695201360056320091104224331.0091022s2009 ii ab b 000 0 eng  aENG-95517 a9780195694413c890.00 aEN-79050 aDPL aJois, P.V. aCustoms and excise Laws and administrative JusticebThe Dynamics of indirct taxation and state power in Indiacby P.V. Jois aNew Delhi :bOxford University Press,c2009. axxxv, 395 p. :c23 cm. (Hb) aIncludes bibliographical references and Index uhttp://www.loc.gov/catdir/enhancements/fy1001/2009310535-d.html uhttp://www.loc.gov/catdir/enhancements/fy1001/2009310535-t.html 2ddccENmJOI c31961d31961 00102ddc40718NFICaDBADbDBADd2009-11-20eDBAD / PUBg850.00l0oJOIpEN-79050r2009-11-20 00:00:00t1v850.00w2009-11-20yEN